Azylový systém Slovenskej republiky a jeho zosúladenie s normami Európskej únie

Analýza azylového systému Slovenskej republiky a jeho zosúladenie s normami Európskej únie. Informácia o Smerici Rady 2003/ES, ktorou sa ustanovujú minimálne medzinárodné štandardy pre príjmanie žiadateľov o azyl. Právna úprava a inštitucionálne zabezpečenie ochrany utečencov v SR. Hodnotenie azylov...

Full description

Saved in:
Bibliographic Details
Main Author: Koganová, Viera
Format: Book Chapter
Language:Slovak
Subjects:
Tags: Add Tag
No Tags, Be the first to tag this record!

MARC

LEADER 00000naa$a2200000$$$4500
001 0053850
005 20240502071625.6
041 0 |a slo 
044 |a SK 
245 1 0 |a Azylový systém Slovenskej republiky a jeho zosúladenie s normami Európskej únie  |c Viera Koganová 
520 |a Analýza azylového systému Slovenskej republiky a jeho zosúladenie s normami Európskej únie. Informácia o Smerici Rady 2003/ES, ktorou sa ustanovujú minimálne medzinárodné štandardy pre príjmanie žiadateľov o azyl. Právna úprava a inštitucionálne zabezpečenie ochrany utečencov v SR. Hodnotenie azylového systému na Slovensku. 
610 2 0 |a politika azylová 
610 2 0 |a Slovensko 
610 2 0 |a aproximácia práva 
610 2 0 |a Európska únia 
610 2 0 |a normy medzinárodné 
610 2 0 |a politika medzinárodná 
610 2 0 |a imigrácia 
100 1 |a Koganová, Viera